000 00384nam a2200169Ia 4500
100 _aHaykin/ Simon/ Moher/Michael
650 _aCommunications
250 _a2
942 _cBK
366 _f25
245 _aIntroduction to Analog and Digital Communication
260 _bWiely
_c2007
082 _a621.382
_bHAY
300 _a515
546 _aENGLISH
_cPAMPHALETS
999 _c28056
_d28056